It looks like you're offline.
Open Library logo
additional options menu

MARC Record from Scriblio

Record ID marc_records_scriblio_net/part02.dat:76382914:1014
Source Scriblio
Download Link /show-records/marc_records_scriblio_net/part02.dat:76382914:1014?format=raw

LEADER: 01014cam 22002411 4500
001 20000750
003 DLC
005 20050612151807.0
008 760325s1920 paua b 000 0 eng
010 $a 20000750
035 $a(OCoLC)2068003
040 $aDLC$cAAP$dDLC
042 $apremarc
050 00 $aQR46$b.P28 1920
100 1 $aPark, William Hallock,$d1863-1939.
245 10 $aPathogenic microorganisms:$ba practical manual for students, physicians, and health officers.,$cby William Hallock Park ... and Anna Wessels Williams ... assisted by Charles Krumwiede, jr ...
250 $a7th ed., enl., and throughly rev.,$bwith 214 engravings and 9 full-page plates.
260 $aPhiladelphia and New York,$bLea & Febiger,$c1920.
300 $ax, 17-780 p.$billus., ix pl. (part col.) fold. tab., diagrs.$c24 cm.
500 $a"References" at end of most of the chapters.
650 0 $aPathogenic bacteria.
700 1 $aWilliams, Anna Wessels,$d1863- ,$ejoint author.
700 1 $aKrumwiede, Charles,$d1879- .